000 01088nam a22002657a 4500
003 OSt
005 20210818181901.0
008 180223s2006 ck a grf l000 0 spa d
020 _a9789587260892
040 _bspa
041 _aspa
082 0 4 _a300
_bM368c Ciclo 2 Módulo 4
100 1 _951815
_aMarulanda Rivera, José Javier
245 1 0 _aColombia
_b(regiones, hidrografía, conquista y colonia)
_cJosé Javier Marulanda Rivera
260 _aPereira
_bInstituto Comfamiliar. Programa de educación continuada
_c2006
300 _a41 páginas
_bilustraciones
490 _aCiencias Sociales
650 0 _aVariabilidad Climática
_zColombia
_xEnseñanza
_950298
650 0 _aEconomía
_zColombia
_xEnseñanza
_912781
650 0 _aRelieve Terrestre
_zColombia
_xEnseñanza
_940604
650 0 _aHidrografia
_zColombia
_xEnseñanza
_917940
650 0 _aConquista y Colonia
_zColombia
_xEnseñanza
_951817
651 0 _aRegiones Naturales
_zColombia
_xEnseñanza
_951816
942 _2ddc
_h300 M368c Ciclo 2 Módulo 4
_k300
_mM368c Ciclo 2 Módulo 4
999 _c13074
_d13074